000 02203cam a22005294i 4500
003 PE-LiUPU
005 20250731173352.0
008 150706s2009 sp r 000 0 spa d
020 _a9788481699548
035 _a(Sirsi) i9788481699548
040 _aPE-LiUPU
_bspa
_cPE-LiUPU
_erda
049 _aPRUA
082 0 4 _a226.6
_bR68
_221
100 1 _aRius-Camps, Josep,
_d1933- ,
_eautor.
245 1 3 _aEl mensaje de los hechos de los apóstoles en el códice Beza :
_buna comparación con la tradición alejandrina. Tomo I, de Jerusalén a la Iglesia de Antioquía, Hechos 1-12 /
_cJosep Rius-Camps, Jenny Read-Heimerdinger ; traducción, José Pérez Escobar .
264 1 _aEstella, Navarra :
_bVerbo Divino D.L.,
_c2009.
300 _a773 páginas ;
_c24 centímetros
336 _atext
_2rdacontent
337 _aunmediated
_2rdamedia
338 _avolume
_2rdacarrier
490 0 _aEl mensaje de los hechos de los apóstoles en el códice Beza ;
_v1
500 _aTraducción de: The message of Acts in Codex Bezae : a comparison with the Alexandrian tradition.
504 _aIncluye bibliografía.
505 0 _aHechos 1,1-5.42: Jerusalén -- Hechos 6,1-12,25: De Judea y Samaria.
526 _aSEG42
526 _aSEG41
526 _aSEG40
526 _aSEG39
526 _aP94
526 _aP87
526 _aP86
526 _aP85
526 _aP77
526 _aP76
526 _aP35
541 _g007-0020803;
630 _aBiblia.
_pN.T.
_pHechos
_xCrítica e interpretación .
650 0 4 _aCodex Bezae.
700 1 _aPérez Escobar, José,
_eautor.
700 1 _aRead-Heimerdinger, Jenny,
_eautor.
910 _bjv
_cjvm
_d20100623
942 _2ddc
_cBOOK
949 _a226.6 R68 1
_wDEWEY
_c1
_i61917
_lCCODEBUL1
_mBUL
_p111.00
_r0
_sY
_tBOOK
_u2015-7-6
_xTEOLOGIA
_PP35
_0COMPRA
_o.STAFF. Colección Teología
994 _aC0
_bPEPRU
596 _a1
999 _a226.6 R68 1
_wDEWEY
_c51024
_i61917
_d51024
_e2017-7-30
_f2021-11-9
_g5
_lCCODEBUL1
_mBUL
_n3
_p111.00
_q2
_r0
_sY
_tBOOK
_u2015-7-6
_xTEOLOGIA
_PP35
_0COMPRA
_o.CIRCNOTE. Documento de alto precio
_o.STAFF. Colección Teología
980 _81
_gALBERTO SANCHEZ Responsable de Automatización